| 000 | 00770nam a22002057a 4500 | ||
|---|---|---|---|
| 999 |
_c12131 _d12131 |
||
| 003 | AR-CdUCM | ||
| 008 | 190405b ||||| |||| 00| 0 spa d | ||
| 040 |
_aMUNICIPALIDAD PROVINCIAL DEL CUSCO _cBIBLIOTECA MUNICIPAL DEL CUSCO |
||
| 082 |
_aES / 608 / _bP46 |
||
| 100 |
_aPerry, John _929824 |
||
| 245 | _aNuestros maravillosos ojos / | ||
| 260 |
_aBarcelona : _bEditorial Ramón Sopena, S.A., _c1958. |
||
| 300 |
_a181 paginas _c21 cm. |
||
| 505 | _aContenido :v.10. Usando vuestros ojos -- La luz que vemos -- La pantalla del ojo -- Lo que ven los animales -- Los colores del arco iris ... | ||
| 650 |
_aLa luz _921423 |
||
| 650 |
_aEnergía solar _929825 |
||
| 700 |
_aHarraghy, Christopher (traductor) _929826 |
||
| 942 |
_2ddc _cLIBROS |
||
| 945 |
_arum _d2019-04-05 |
||